| 000 | 00441nam a22001577a 4500 | ||
|---|---|---|---|
| 999 |
_c15671 _d15671 |
||
| 003 | OSt | ||
| 008 | 190524b ||||| |||| 00| 0 eng d | ||
| 020 | _a9780349009773 | ||
| 082 |
_a956.7044 _bMUR/TH |
||
| 100 |
_aMurad, Nadia. _94161 |
||
| 245 | _aThe last girl : my story of captivity, and my fight against the Islamic State | ||
| 260 |
_aLondon _bVirago Press _c2017 |
||
| 300 | _a306 p. | ||
| 700 |
_aKrajeski, Jenna. _94162 |
||
| 942 | _cBK | ||